[Event "British Rapidplay"]
[Site "Peterborough"]
[Date "2025.03.02"]
[Round "9.21"]
[White "Surtees, Michael J"]
[Black "Larchikov, Maksym"]
[Result "0-1"]
[WhiteElo "2099"]
[BlackElo "2050"]
[PlyCount "122"]
[EventDate "2025.03.01"]
[EventType "swiss (rapid)"]
[EventRounds "11"]
[EventCountry "ENG"]
[SourceTitle "BritBase"]
[Source "John Saunders"]
[SourceDate "2025.03.03"]
[SourceVersion "1"]
[SourceVersionDate "2025.03.03"]
[SourceQuality "2"]

1. e4 c6 2. Ne2 d5 3. e5 c5 4. b4 Nc6 5. bxc5 Nxe5 6. d4 Nc6 7. c4 Nf6 8. Nbc3 e5 9. Be3 exd4 10. Nxd4 Nxd4 11. Bxd4 dxc4 12. Bxc4 Be7 13. O-O O-O 14. Re1 Bf5 15. Qb3 Qxd4 16. Rxe7 Bg6 17. Rxb7 Qxc5 18. Rb5 Qc7 19. Nd5 Nxd5 20. Bxd5 Rac8 21. g3 Qe7 22. Rb7 Qe5 23. Rf1 Qd4 24. Rd1 Qf6 25. Re1 h6 26. Rxa7 Kh8 27. Qb4 Rfd8 28. Bb3 Re8 29. Rae7 Rxe7 30. Qxe7 Qf5 31. h4 Bh5 32. Qe3 Qa5 33. Kh2 f6 34. Rc1 Re8 35. Qf4 Bg6 36. Rc7 Qe1 37. Rc1 Qe2 38. Kg1 Rd8 39. Qe3 Qa6 40. Re1 Qa5 41. Rc1 Re8 42. Qf4 Qb6 43. Bd5 Rd8 44. Bg2 Qa7 45. Qc7 Qxc7 46. Rxc7 Rd1+ 47. Kh2 Rd2 48. a4 Rxf2 49. Kg1 Ra2 50. Ra7 h5 51. a5 Bd3 52. Bd5 Ra3 53. Kf2 Kh7 54. Ra8 Kg6 55. Bb7 Bb5 56. a6 Ra2+ 57. Ke3 Kf5 58. Bc8+ Ke5 59. a7 g5 60. Bb7 Re2+ 61. Kf3 g4# 0-1

[Event "British Rapidplay"]
[Site "Peterborough"]
[Date "2025.03.02"]
[Round "9.22"]
[White "Ganti, Shriaansh"]
[Black "Banerjee, Supratit"]
[Result "0-1"]
[WhiteElo "1980"]
[BlackElo "2250"]
[PlyCount "106"]
[EventDate "2025.03.01"]
[EventType "swiss (rapid)"]
[EventRounds "11"]
[EventCountry "ENG"]
[SourceTitle "BritBase"]
[Source "John Saunders"]
[SourceDate "2025.03.03"]
[SourceVersion "1"]
[SourceVersionDate "2025.03.03"]
[SourceQuality "2"]

1. d4 d5 2. Nc3 Nf6 3. Bf4 g6 4. e3 Bg7 5. Nb5 Na6 6. Nc3 c6 7. Bxa6 bxa6 8. Nf3 O-O 9. O-O h6 10. h3 Bf5 11. Ne5 Rc8 12. Na4 Nd7 13. Nxd7 Qxd7 14. Nc5 Qe8 15. Nxa6 g5 16. Bg3 f6 17. Nc5 e5 18. c4 Bg6 19. dxe5 fxe5 20. cxd5 cxd5 21. Rc1 Qf7 22. Qd2 Rfd8 23. Nb3 Kh7 24. Rfd1 Rxc1 25. Rxc1 d4 26. exd4 exd4 27. Rc7 Rd7 28. Rxd7 Qxd7 29. Nc5 Qd5 30. Nb3 d3 31. f3 a5 32. Be1 a4 33. Nc1 Qd4+ 34. Kh1 Be5 35. Qb4 Qxb4 36. Bxb4 Bf4 37. b3 Bxc1 38. bxa4 d2 39. Bxd2 Bxd2 40. g3 Be8 41. Kg2 Bxa4 42. h4 gxh4 43. gxh4 Kg6 44. Kh3 Kf5 45. Kg3 Bb5 46. a3 Be1+ 47. Kh3 Bf1+ 48. Kh2 Bxh4 49. a4 Bd8 50. Kg3 Bd3 51. f4 Bc2 52. Kh3 Bxa4 53. Kg3 h5 0-1

[Event "British Rapidplay"]
[Site "Peterborough"]
[Date "2025.03.02"]
[Round "9.23"]
[White "Mikalajunas, Kajus"]
[Black "Yoon, Jacob D"]
[Result "1/2-1/2"]
[WhiteElo "2080"]
[BlackElo "2251"]
[PlyCount "164"]
[EventDate "2025.03.01"]
[EventType "swiss (rapid)"]
[EventRounds "11"]
[EventCountry "ENG"]
[SourceTitle "BritBase"]
[Source "John Saunders"]
[SourceDate "2025.03.03"]
[SourceVersion "1"]
[SourceVersionDate "2025.03.03"]
[SourceQuality "2"]

1. Nf3 g6 2. e4 Bg7 3. d4 d6 4. Bc4 Nc6 5. O-O a6 6. c3 b5 7. Bd5 Qd7 8. a4 Rb8 9. axb5 axb5 10. Re1 e6 11. Bxc6 Qxc6 12. d5 Qb7 13. Be3 Ra8 14. Rxa8 Qxa8 15. Na3 Qb7 16. e5 dxe5 17. dxe6 Bxe6 18. Bc5 f6 19. Nd4 Bf7 20. Ndxb5 Bf8 21. Nxc7+ Qxc7 22. Qa4+ Qd7 23. Qa8+ Qd8 24. Qxd8+ Kxd8 25. Bxf8 h5 26. Nb5 Bb3 27. Bg7 Rh7 28. Ra1 Rxg7 29. Ra8+ Ke7 30. Ra7+ Kf8 31. Ra8+ Kf7 32. Ra7+ Ne7 33. Nd6+ Ke6 34. Ne4 Bc4 35. b3 Be2 36. c4 Nf5 37. Ra6+ Ke7 38. Nxf6 Nd4 39. Nd5+ Ke8 40. Ra8+ Kf7 41. Ra7+ Kg8 42. Nf6+ Kf8 43. Ra8+ Ke7 44. Nd5+ Kd6 45. Ra6+ Nc6 46. Nc3 Bd3 47. b4 Bxc4 48. b5 Bxb5 49. Nxb5+ Kc5 50. Nc3 Nb4 51. Ra5+ Kd4 52. Ne2+ Ke4 53. Ra4 Rb7 54. Ng3+ Kd5 55. Ra5+ Ke6 56. Ne4 Rc7 57. g3 Kf5 58. Nd2 Nd3 59. Rd5 Rc1+ 60. Kg2 Ne1+ 61. Kh3 Rd1 62. Rd8 Ke6 63. f4 Nf3 64. Re8+ Kf7 65. Nxf3 Kxe8 66. Nxe5 Rd6 67. Kh4 Kf8 68. Kg5 Kg7 69. h3 Rd5 70. g4 hxg4 71. hxg4 Ra5 72. Kh4 Kf6 73. Nf3 Ra3 74. Kg3 Rc3 75. Kf2 Rc2+ 76. Ke3 Rg2 77. g5+ Ke6 78. Nh4 Rg3+ 79. Kf2 Rg4 80. Nxg6 Kf5 81. Kf3 Rxf4+ 82. Nxf4 Kxg5 1/2-1/2

[Event "British Rapidplay"]
[Site "Peterborough"]
[Date "2025.03.02"]
[Round "9.24"]
[White "Quilter, Thomas A"]
[Black "Fellowes, Billy"]
[Result "1-0"]
[WhiteElo "2162"]
[BlackElo "2203"]
[PlyCount "137"]
[EventDate "2025.03.01"]
[EventType "swiss (rapid)"]
[EventRounds "11"]
[EventCountry "ENG"]
[SourceTitle "BritBase"]
[Source "John Saunders"]
[SourceDate "2025.03.03"]
[SourceVersion "1"]
[SourceVersionDate "2025.03.03"]
[SourceQuality "2"]

1. e4 Nc6 2. Nf3 d6 3. d4 Nf6 4. Nc3 g6 5. d5 Nb8 6. Be3 Bg7 7. Qd2 O-O 8. Bh6 e5 9. dxe6 Bxe6 10. Bxg7 Kxg7 11. Nd4 Qe7 12. O-O-O Nc6 13. f4 Bg4 14. Re1 Nxd4 15. Qxd4 c5 16. Qd2 Rfe8 17. Bd3 Rac8 18. h3 Bd7 19. e5 Ng8 20. Nd5 Qe6 21. c4 dxe5 22. Rxe5 Qd6 23. Rhe1 f6 24. Rxe8 Rxe8 25. Rxe8 Bxe8 26. Qa5 Bc6 27. Qxa7 Bxd5 28. cxd5 Qxd5 29. Ba6 Qxa2 30. Qxb7+ Kh6 31. Qc8 Qa1+ 32. Kc2 Qa4+ 33. Kb1 Qe4+ 34. Ka1 Qa4+ 35. Kb1 Qd1+ 36. Ka2 Qd5+ 37. b3 Qxg2+ 38. Ka3 Qg1 39. Ka2 Qf2+ 40. Ka3 Qd4 41. Ka2 Qd2+ 42. Ka3 Qc1+ 43. Ka2 Qc2+ 44. Ka3 Qb1 45. Qf8+ Kh5 46. Qxc5+ g5 47. Be2+ Kg6 48. f5+ Kg7 49. Bc4 Qa1+ 50. Kb4 Qe1+ 51. Kb5 Ne7 52. Be6 Kf8 53. Qd6 Qe2+ 54. Kb6 Qe3+ 55. Kb5 Qe2+ 56. Ka5 Qa2+ 57. Kb6 Qa8 58. b4 h5 59. b5 g4 60. hxg4 hxg4 61. Bc4 Ke8 62. Be6 Kf8 63. Bd7 Qd8+ 64. Kb7 Kg7 65. b6 Nxf5 66. Qc7 Nd6+ 67. Qxd6 Kh8 68. Qb8 Qxb8+ 69. Kxb8 1-0

[Event "British Rapidplay"]
[Site "Peterborough"]
[Date "2025.03.02"]
[Round "9.25"]
[White "Vijayakumar, Rishi"]
[Black "Walker, Martin Graham"]
[Result "1-0"]
[WhiteElo "2311"]
[BlackElo "2091"]
[PlyCount "99"]
[EventDate "2025.03.01"]
[EventType "swiss (rapid)"]
[EventRounds "11"]
[EventCountry "ENG"]
[SourceTitle "BritBase"]
[Source "John Saunders"]
[SourceDate "2025.03.03"]
[SourceVersion "1"]
[SourceVersionDate "2025.03.03"]
[SourceQuality "2"]

1. d4 Nf6 2. c4 g6 3. h4 d5 4. cxd5 Nxd5 5. h5 e5 6. hxg6 fxg6 7. dxe5 Nc6 8. e4 Bb4+ 9. Bd2 Nf4 10. Qb3 Nd4 11. Qd1 Nc6 12. Nc3 Nd3+ 13. Bxd3 Qxd3 14. Qe2 Nxe5 15. Qxd3 Nxd3+ 16. Ke2 Nc5 17. a3 Nb3 18. axb4 Nxa1 19. Nd5 Kd7 20. Bc3 c6 21. Bxh8 cxd5 22. Rxh7+ Ke6 23. e5 Bd7 24. Bf6 Bb5+ 25. Kf3 d4 26. Nh3 Bc6+ 27. Kg4 Kd5 28. Nf4+ Kc4 29. Rh1 Nb3 30. e6 d3 31. Rd1 d2 32. Kg5 Be4 33. Bc3 Bc2 34. Rxd2 Nxd2 35. Bxd2 Rf8 36. g4 Be4 37. e7 Re8 38. Kf6 g5 39. Ne6 Bf3 40. Nc7 Rxe7 41. Kxe7 Bxg4 42. Kf6 Bf3 43. Kxg5 Kb3 44. Bc3 Kc4 45. Kf4 Bc6 46. Ke5 b5 47. f4 a5 48. bxa5 b4 49. Bxb4 Kxb4 50. a6 1-0

[Event "British Rapidplay"]
[Site "Peterborough"]
[Date "2025.03.02"]
[Round "9.26"]
[White "Dicen, Elis Denele"]
[Black "Vashisht-Pigem, Raman"]
[Result "1-0"]
[WhiteElo "2129"]
[BlackElo "1965"]
[PlyCount "127"]
[EventDate "2025.03.01"]
[EventType "swiss (rapid)"]
[EventRounds "11"]
[EventCountry "ENG"]
[SourceTitle "BritBase"]
[Source "John Saunders"]
[SourceDate "2025.03.03"]
[SourceVersion "1"]
[SourceVersionDate "2025.03.03"]
[SourceQuality "2"]

1. d4 Nf6 2. c4 e6 3. Nf3 b6 4. a3 Bb7 5. Nc3 d5 6. Bf4 c6 7. e3 Bd6 8. Bg3 O-O 9. Bd3 dxc4 10. Bxc4 c5 11. dxc5 Bxc5 12. Qe2 a5 13. Rd1 Qe7 14. O-O Nc6 15. Na4 Ne4 16. Bh4 g5 17. Nxc5 Qxc5 18. Bd3 gxh4 19. Bxe4 Ba6 20. Bd3 Bxd3 21. Rxd3 Ne5 22. Nxe5 Qxe5 23. Rd4 Qf6 24. Rf4 Qe5 25. Rxh4 Rac8 26. Qd3 f5 27. Rd4 Rc7 28. g3 Rfc8 29. Rd8+ Rxd8 30. Qxd8+ Kg7 31. Rd1 Qc5 32. h4 Qe7 33. Qd4+ Qf6 34. Qxb6 Rc2 35. b4 axb4 36. axb4 Qe5 37. Qd4 Qxd4 38. Rxd4 Kf6 39. Kg2 Rb2 40. Rc4 h6 41. Kf3 Rb3 42. Rd4 Ke5 43. Rd8 Rxb4 44. Rh8 Kf6 45. Rxh6+ Kf7 46. Rh7+ Kg6 47. Re7 Kf6 48. Ra7 Rb8 49. Ra6 Rh8 50. e4 fxe4+ 51. Kxe4 Rb8 52. Kf3 Rb3+ 53. Kg4 Rb4+ 54. f4 Kf7 55. Ra5 Kf6 56. Rg5 Rb1 57. h5 Rh1 58. Rg6+ Kf7 59. Kg5 Rg1 60. g4 Rh1 61. Rf6+ Ke7 62. Kg6 Rh2 63. g5 Rh3 64. h6 1-0

[Event "British Rapidplay"]
[Site "Peterborough"]
[Date "2025.03.02"]
[Round "9.27"]
[White "Nicholas, Koichi B"]
[Black "Patel, Zain"]
[Result "1-0"]
[WhiteElo "2066"]
[BlackElo "2079"]
[PlyCount "81"]
[EventDate "2025.03.01"]
[EventType "swiss (rapid)"]
[EventRounds "11"]
[EventCountry "ENG"]
[SourceTitle "BritBase"]
[Source "John Saunders"]
[SourceDate "2025.03.03"]
[SourceVersion "1"]
[SourceVersionDate "2025.03.03"]
[SourceQuality "2"]

1. Nc3 d5 2. d4 Nf6 3. Bf4 a6 4. e3 e6 5. g4 Bb4 6. a3 Bxc3+ 7. bxc3 Ne4 8. Ne2 Qh4 9. Ng3 Nxc3 10. Qf3 Qe7 11. Bd3 Nc6 12. Kd2 Nb5 13. g5 Nxa3 14. Nh5 Qb4+ 15. Ke2 Nb5 16. Kf1 Qf8 17. Bxb5 Bd7 18. Bd3 O-O-O 19. Qg3 Qb4 20. Bxc7 Rdg8 21. Kg2 e5 22. dxe5 Be6 23. Bd6 Qb6 24. Rhb1 Qd8 25. Qf4 d4 26. e4 h6 27. g6 fxg6 28. Ng3 g5 29. Qd2 h5 30. Nf5 h4 31. c3 h3+ 32. Kf1 Bxf5 33. exf5 Nxe5 34. Bxe5 Qd5 35. cxd4 Re8 36. Qc3+ Qc6 37. Qxc6+ bxc6 38. Bxa6+ Kd8 39. Rb7 Rhf8 40. Bd3 c5 41. Raa7 1-0

[Event "British Rapidplay"]
[Site "Peterborough"]
[Date "2025.03.02"]
[Round "9.28"]
[White "Mokhber-Garcia, Sebastian"]
[Black "Kothari, Jai"]
[Result "0-1"]
[WhiteElo "1908"]
[BlackElo "2035"]
[PlyCount "110"]
[EventDate "2025.03.01"]
[EventType "swiss (rapid)"]
[EventRounds "11"]
[EventCountry "ENG"]
[SourceTitle "BritBase"]
[Source "John Saunders"]
[SourceDate "2025.03.03"]
[SourceVersion "1"]
[SourceVersionDate "2025.03.03"]
[SourceQuality "2"]

1. e4 c5 2. Nf3 Nc6 3. Bb5 g6 4. Bxc6 dxc6 5. a4 a5 6. O-O Bg7 7. e5 Bg4 8. Re1 Qc7 9. Qe2 Bxf3 10. gxf3 Nh6 11. d3 Nf5 12. c3 O-O-O 13. Na3 g5 14. Bxg5 Rhg8 15. Kh1 Bxe5 16. Qxe5 Rxg5 17. f4 Rh5 18. Qxc7+ Kxc7 19. Rad1 Rh3 20. d4 cxd4 21. cxd4 e6 22. Nc4 Nxd4 23. Kg2 Rb3 24. Re3 Rxe3 25. fxe3 Nb3 26. Rxd8 Kxd8 27. Nd6 Kc7 28. Nxf7 b5 29. Kf2 Nc1 30. Ne5 Kd6 31. Ke1 Kd5 32. Kd2 Nb3+ 33. Kc3 Nc5 34. axb5 cxb5 35. h4 b4+ 36. Kc2 a4 37. h5 Ke4 38. Ng4 Nd7 39. h6 Kf3 40. Nh2+ Kxe3 41. Ng4+ Kxf4 42. Nf2 Nc5 43. Nh3+ Kf5 44. Kd2 e5 45. Kc2 e4 46. Ng1 e3 47. Nf3 Kf4 48. Nd4 Kg3 49. Kd1 Kf2 50. Ne2 Nd3 51. Nd4 Nxb2+ 52. Kc2 e2 53. Kxb2 e1=Q 54. Nc2 Qc3+ 55. Kb1 a3 0-1

[Event "British Rapidplay"]
[Site "Peterborough"]
[Date "2025.03.02"]
[Round "9.29"]
[White "Brett, Andrew R"]
[Black "Alizada, Eldar"]
[Result "0-1"]
[WhiteElo "2060"]
[BlackElo "1997"]
[PlyCount "156"]
[EventDate "2025.03.01"]
[EventType "swiss (rapid)"]
[EventRounds "11"]
[EventCountry "ENG"]
[SourceTitle "BritBase"]
[Source "John Saunders"]
[SourceDate "2025.03.03"]
[SourceVersion "1"]
[SourceVersionDate "2025.03.03"]
[SourceQuality "2"]

1. d4 d5 2. c4 e6 3. Nc3 Nf6 4. cxd5 exd5 5. Bg5 Be7 6. e3 O-O 7. Bd3 c6 8. Nge2 h6 9. Bh4 Nbd7 10. O-O Ne4 11. Bxe7 Qxe7 12. Qc2 Ndf6 13. h3 Re8 14. Rae1 Bd7 15. f3 Nxc3 16. Nxc3 Qd6 17. Qf2 c5 18. dxc5 Qxc5 19. Re2 b5 20. Rd1 b4 21. Nb1 Rac8 22. Nd2 Bb5 23. Nb3 Qb6 24. Bxb5 Qxb5 25. Nd4 Qa6 26. b3 Rc3 27. Nf5 Qe6 28. Nd4 Qd7 29. Rde1 Rec8 30. Qg3 a5 31. Qf4 Qc7 32. Qxc7 R3xc7 33. Rd2 Kf8 34. Red1 Rc3 35. Kf2 g6 36. g4 Ke7 37. h4 R3c5 38. Ne2 g5 39. h5 Ke6 40. Ng3 Ng8 41. Nf5 Ke5 42. Kg3 f6 43. e4 dxe4 44. Re1 Ke6 45. Rxe4+ Re5 46. Rd6+ Kf7 47. Rd7+ Kf8 48. Rxe5 fxe5 49. Nd6 Nf6 50. Rf7+ Kg8 51. Rxf6 Rc2 52. Nf5 Rxa2 53. Nxh6+ Kg7 54. Ng8 Kxg8 55. Rg6+ Kh7 56. Rxg5 Re2 57. Rf5 Re3 58. Kh4 Rxb3 59. Rxe5 a4 60. Ra5 a3 61. Ra4 Rb2 62. Kg5 a2 63. Ra7+ Kg8 64. Kg6 Kf8 65. h6 b3 66. Kf6 Ke8 67. g5 Rh2 68. Ra8+ Kd7 69. Kg7 Rh1 70. h7 Rxh7+ 71. Kxh7 b2 72. Rxa2 b1=Q+ 73. g6 Qxa2 74. g7 Qf7 75. Kh8 Qh5+ 76. Kg8 Ke7 77. f4 Kf6 78. f5 Qf7+ 0-1

[Event "British Rapidplay"]
[Site "Peterborough"]
[Date "2025.03.02"]
[Round "9.30"]
[White "Ansari, Athar"]
[Black "Baer, Bruce L"]
[Result "0-1"]
[WhiteElo "1954"]
[BlackElo "1976"]
[PlyCount "88"]
[EventDate "2025.03.01"]
[EventType "swiss (rapid)"]
[EventRounds "11"]
[EventCountry "ENG"]
[SourceTitle "BritBase"]
[Source "John Saunders"]
[SourceDate "2025.03.03"]
[SourceVersion "1"]
[SourceVersionDate "2025.03.03"]
[SourceQuality "2"]

1. d4 g6 2. Nf3 d6 3. Bf4 Bg7 4. e3 Nd7 5. Be2 e5 6. Bg3 Qe7 7. c3 Ngf6 8. O-O Ne4 9. dxe5 dxe5 10. Qa4 Nxg3 11. hxg3 O-O 12. Nbd2 Kh8 13. e4 Nc5 14. Qc2 a5 15. Nb3 Ne6 16. Rad1 f6 17. Rd2 Bh6 18. Rdd1 Bd7 19. Rfe1 Bc6 20. Bc4 a4 21. Nc1 Bd7 22. a3 b5 23. Bd5 c6 24. Ba2 Nc5 25. Nd3 Bg4 26. Nxc5 Qxc5 27. Rd3 f5 28. Be6 fxe4 29. Bxg4 exd3 30. Qxd3 Rae8 31. Re4 Re7 32. Qe2 Rfe8 33. Ne1 Qd5 34. Nd3 Qd6 35. Bf3 Bg7 36. Rh4 c5 37. Be4 Bf6 38. Rh3 Kg7 39. Ne1 Rd8 40. Qxb5 Qd1 41. Kf1 Qc1 42. Bd3 Bg5 43. Be2 Bd2 44. Bg4 Qxe1# 0-1

[Event "British Rapidplay"]
[Site "Peterborough"]
[Date "2025.03.02"]
[Round "9.31"]
[White "Bin-Suhayl, Ieysaa"]
[Black "White, Stuart A"]
[Result "1-0"]
[WhiteElo "2219"]
[BlackElo "2024"]
[PlyCount "92"]
[EventDate "2025.03.01"]
[EventType "swiss (rapid)"]
[EventRounds "11"]
[EventCountry "ENG"]
[SourceTitle "BritBase"]
[Source "John Saunders"]
[SourceDate "2025.03.03"]
[SourceVersion "1"]
[SourceVersionDate "2025.03.03"]
[SourceQuality "2"]

1. Nf3 d5 2. d4 Nf6 3. c4 c6 4. e3 Bf5 5. Nc3 e6 6. Bd3 Bg6 7. O-O Bd6 8. Qe2 Bxd3 9. Qxd3 O-O 10. e4 dxe4 11. Nxe4 Nxe4 12. Qxe4 Nd7 13. Rd1 Nf6 14. Qe2 Re8 15. b3 Qa5 16. Ne5 Rad8 17. Bd2 Qc7 18. Bg5 Be7 19. Bf4 Qc8 20. h4 c5 21. dxc5 Bxc5 22. h5 h6 23. Qf3 Rxd1+ 24. Rxd1 Rd8 25. Re1 b6 26. Bxh6 Bd4 27. Bg5 Qa8 28. Nc6 Bc3 29. Bxf6 Bxf6 30. Nxd8 Qxd8 31. Rd1 Qc7 32. h6 Be7 33. hxg7 Kxg7 34. Qg3+ Qxg3 35. fxg3 Bc5+ 36. Kf1 a5 37. Rd7 Kf6 38. Ke2 Kg6 39. g4 f6 40. Kf3 f5 41. gxf5+ exf5 42. Kf4 Ba3 43. Rd5 Bc1+ 44. Kf3 Ba3 45. Rb5 Bc5 46. a3 Bxa3 1-0

[Event "British Rapidplay"]
[Site "Peterborough"]
[Date "2025.03.02"]
[Round "9.32"]
[White "Fearnhead, Benjamin"]
[Black "Clarke, James"]
[Result "0-1"]
[WhiteElo "1881"]
[BlackElo "1941"]
[PlyCount "86"]
[EventDate "2025.03.01"]
[EventType "swiss (rapid)"]
[EventRounds "11"]
[EventCountry "ENG"]
[SourceTitle "BritBase"]
[Source "John Saunders"]
[SourceDate "2025.03.03"]
[SourceVersion "1"]
[SourceVersionDate "2025.03.03"]
[SourceQuality "2"]

1. e4 c5 2. d4 cxd4 3. c3 dxc3 4. Nxc3 Nc6 5. Nf3 e6 6. Bc4 a6 7. O-O Nge7 8. Bg5 Qa5 9. Qe2 Nd4 10. Nxd4 Qxg5 11. Rac1 Ng6 12. Rfd1 Be7 13. Bb3 O-O 14. Na4 b5 15. Nb6 Rb8 16. Nf3 Qh6 17. Nxc8 Rbxc8 18. Rxc8 Rxc8 19. Rxd7 Rc1+ 20. Rd1 Qf4 21. Bc2 Rxd1+ 22. Qxd1 Qc7 23. g3 Bc5 24. Kg2 Bb6 25. h4 Qc5 26. Qd2 h6 27. a3 Bc7 28. Qc3 Qxc3 29. bxc3 Ba5 30. a4 Bxc3 31. Bd3 bxa4 32. Bxa6 Ne7 33. Kf1 a3 34. Bc4 Nc6 35. Ke2 Nb4 36. Nd2 Bxd2 37. Kxd2 a2 38. Bxa2 Nxa2 39. Ke3 Nb4 40. Kf4 f6 41. f3 Kf7 42. g4 g5+ 43. Kg3 Nd3 0-1

[Event "British Rapidplay"]
[Site "Peterborough"]
[Date "2025.03.02"]
[Round "9.33"]
[White "Bevis, Noah"]
[Black "He, Tom Junde"]
[Result "0-1"]
[WhiteElo "1777"]
[BlackElo "2053"]
[PlyCount "144"]
[EventDate "2025.03.01"]
[EventType "swiss (rapid)"]
[EventRounds "11"]
[EventCountry "ENG"]
[SourceTitle "BritBase"]
[Source "John Saunders"]
[SourceDate "2025.03.03"]
[SourceVersion "1"]
[SourceVersionDate "2025.03.03"]
[SourceQuality "2"]

1. d4 Nf6 2. Bf4 d5 3. e3 c5 4. c3 Qb6 5. Qb3 c4 6. Qc2 g6 7. Nd2 Bf5 8. Qc1 Bg7 9. Ngf3 Nc6 10. h3 Nd7 11. e4 Bxe4 12. Nxe4 dxe4 13. Nd2 O-O 14. Nxc4 Qd8 15. Be2 e5 16. dxe5 Ndxe5 17. Nxe5 Bxe5 18. O-O Bxf4 19. Qxf4 f5 20. Rfd1 Qe7 21. Bb5 Rad8 22. Bxc6 bxc6 23. h4 Kh8 24. g3 c5 25. Kh2 Rfe8 26. Rxd8 Rxd8 27. Re1 Qd6 28. Qxd6 Rxd6 29. Re2 Rd3 30. Rc2 a5 31. Kg2 Kg7 32. Kf1 Kf6 33. Ke2 Ke5 34. Rc1 h6 35. Rh1 Kd5 36. Rc1 a4 37. Rc2 Kc4 38. Rc1 g5 39. hxg5 hxg5 40. Rc2 Rd8 41. Ke3 Rd3+ 42. Ke2 f4 43. gxf4 gxf4 44. Rc1 Rd7 45. Rc2 Rd8 46. Rc1 Rb8 47. Rc2 Rb7 48. Kd2 Rd7+ 49. Ke2 Rd3 50. Rc1 f3+ 51. Ke1 e3 52. fxe3 Rxe3+ 53. Kf1 Kd3 54. b4 axb3 55. axb3 Kd2 56. Rb1 Kc2 57. Ra1 Rxc3 58. Kf2 Rxb3 59. Ra4 Rd3 60. Rc4+ Rc3 61. Ra4 c4 62. Rb4 Kd2 63. Rb2+ Rc2 64. Rb8 Kc3+ 65. Kxf3 Rd2 66. Ke3 Rd7 67. Ke2 Kc2 68. Ke3 c3 69. Rc8 Kb2 70. Rb8+ Kc1 71. Rc8 c2 72. Rc6 Kd1 0-1

[Event "British Rapidplay"]
[Site "Peterborough"]
[Date "2025.03.02"]
[Round "9.34"]
[White "Lebedev, Lion"]
[Black "Finn, Peter"]
[Result "1-0"]
[WhiteElo "2038"]
[BlackElo "2205"]
[PlyCount "109"]
[EventDate "2025.03.01"]
[EventType "swiss (rapid)"]
[EventRounds "11"]
[EventCountry "ENG"]
[SourceTitle "BritBase"]
[Source "John Saunders"]
[SourceDate "2025.03.03"]
[SourceVersion "1"]
[SourceVersionDate "2025.03.03"]
[SourceQuality "2"]

1. d4 Nf6 2. c4 e6 3. Nf3 d5 4. g3 Be7 5. Bg2 O-O 6. O-O dxc4 7. Ne5 Nc6 8. Bxc6 bxc6 9. Nxc6 Qe8 10. Nxe7+ Qxe7 11. Qc2 c5 12. Qxc4 cxd4 13. Qxd4 e5 14. Qh4 Rd8 15. Nc3 Rd4 16. e4 Bb7 17. Bg5 Rad8 18. Rad1 Qe6 19. Bxf6 gxf6 20. Qh5 Qb6 21. b3 Ba6 22. Rfe1 Rd2 23. Rxd2 Rxd2 24. Qf3 Bb7 25. Rd1 Qd4 26. Rxd2 Qxd2 27. Nd5 Bxd5 28. exd5 f5 29. a4 Kg7 30. Qxf5 Qxd5 31. Qg5+ Kf8 32. Qe3 e4 33. b4 a6 34. Qh6+ Ke7 35. Qxa6 Qd1+ 36. Qf1 Qxa4 37. b5 Kd6 38. Qe2 Ke5 39. Qb2+ Kf5 40. Qb1 Qa8 41. b6 Qb7 42. f3 Kf6 43. fxe4 Kg5 44. Qb5+ Kh6 45. Qb4 Qd7 46. Qe1 Qd4+ 47. Qf2 Qd1+ 48. Kg2 Qb1 49. Qf4+ Kg7 50. Qe5+ f6 51. Qe7+ Kg6 52. b7 Qb2+ 53. Kh3 Qb5 54. e5 fxe5 55. Qe6+ 1-0

[Event "British Rapidplay"]
[Site "Peterborough"]
[Date "2025.03.02"]
[Round "9.35"]
[White "Deva, Chetan"]
[Black "Naylor-Eade, Michael A"]
[Result "1-0"]
[WhiteElo "2181"]
[BlackElo "1989"]
[PlyCount "65"]
[EventDate "2025.03.01"]
[EventType "swiss (rapid)"]
[EventRounds "11"]
[EventCountry "ENG"]
[SourceTitle "BritBase"]
[Source "John Saunders"]
[SourceDate "2025.03.03"]
[SourceVersion "1"]
[SourceVersionDate "2025.03.03"]
[SourceQuality "2"]

1. d4 d5 2. Bf4 Nf6 3. e3 e6 4. c3 c5 5. Nd2 Nc6 6. Bd3 Bd6 7. Bxd6 Qxd6 8. f4 Bd7 9. Ngf3 O-O-O 10. Ne5 Qe7 11. O-O c4 12. Be2 h5 13. b3 Ng4 14. Nxg4 hxg4 15. Bxg4 Qh4 16. h3 f5 17. Be2 Qg3 18. Rf3 Qg6 19. bxc4 dxc4 20. Nxc4 e5 21. dxe5 Be6 22. Nd6+ Rxd6 23. exd6 Rd8 24. c4 Nb8 25. c5 Bd7 26. Bc4 Re8 27. Qb3 Qf6 28. Rb1 Bc6 29. Bd5 Kd7 30. Bxc6+ bxc6 31. Qb7+ Ke6 32. Qc7 Qc3 33. Rxb8 1-0

[Event "British Rapidplay"]
[Site "Peterborough"]
[Date "2025.03.02"]
[Round "9.36"]
[White "Hng, Mei-En Emmanuelle"]
[Black "Birtwistle, Nigel"]
[Result "1-0"]
[WhiteElo "2136"]
[BlackElo "2025"]
[PlyCount "77"]
[EventDate "2025.03.01"]
[EventType "swiss (rapid)"]
[EventRounds "11"]
[EventCountry "ENG"]
[SourceTitle "BritBase"]
[Source "John Saunders"]
[SourceDate "2025.03.03"]
[SourceVersion "1"]
[SourceVersionDate "2025.03.03"]
[SourceQuality "2"]

1. Nf3 g6 2. c4 Bg7 3. d4 c5 4. Nc3 Nf6 5. e4 O-O 6. Be2 cxd4 7. Nxd4 Nc6 8. Be3 d6 9. O-O a5 10. f3 Nd7 11. Kh1 Nc5 12. Qd2 a4 13. Rad1 Qa5 14. Ndb5 Be6 15. f4 f5 16. e5 Rfd8 17. Qc2 a3 18. bxa3 Na4 19. Nd5 Bxd5 20. cxd5 Nb8 21. Bd4 Na6 22. exd6 exd6 23. Bxg7 Kxg7 24. Rb1 N4c5 25. Qd1 Nc7 26. Qd4+ Kf7 27. Nxc7 Qxc7 28. Rf3 Ra4 29. Qb2 Re8 30. Bb5 Ree4 31. Bxa4 Rxa4 32. Qh8 Qa5 33. Qxh7+ Kf6 34. Qh8+ Kf7 35. Qh7+ Kf6 36. Qh4+ Kf7 37. Rg3 Kg7 38. Qe7+ Kh6 39. Rh3# 1-0

[Event "British Rapidplay"]
[Site "Peterborough"]
[Date "2025.03.02"]
[Round "9.37"]
[White "Davison, Chris"]
[Black "Rughani, Mahin"]
[Result "1-0"]
[WhiteElo "1997"]
[BlackElo "1907"]
[PlyCount "153"]
[EventDate "2025.03.01"]
[EventType "swiss (rapid)"]
[EventRounds "11"]
[EventCountry "ENG"]
[SourceTitle "BritBase"]
[Source "John Saunders"]
[SourceDate "2025.03.03"]
[SourceVersion "1"]
[SourceVersionDate "2025.03.03"]
[SourceQuality "2"]

1. d4 c6 2. c4 d5 3. Nf3 Nf6 4. e3 e6 5. Bd3 Nbd7 6. O-O b6 7. Nbd2 Bb7 8. b3 Bd6 9. Bb2 Rc8 10. Qe2 O-O 11. e4 dxe4 12. Nxe4 Nxe4 13. Qxe4 Nf6 14. Qh4 h6 15. Rad1 Qe7 16. Rfe1 Ba3 17. Ba1 Rfd8 18. h3 Nh7 19. Qe4 Nf6 20. Qe3 Rd7 21. Ne5 Rdd8 22. Nf3 Rd7 23. Bc3 Bb4 24. Qd2 a5 25. a4 Bxc3 26. Qxc3 Rdd8 27. Bc2 Qc7 28. c5 bxc5 29. dxc5 Ba6 30. Bd3 Nd5 31. Qe5 Bxd3 32. Rxd3 Qa7 33. Rd4 Qxc5 34. Rg4 Qf8 35. Nd4 c5 36. Nc2 Nb4 37. Nxb4 axb4 38. Re3 Rd5 39. Qf4 Qd6 40. Qxd6 Rxd6 41. Reg3 Rd1+ 42. Kh2 g6 43. h4 Rf1 44. Rf4 Rd8 45. Rgf3 f5 46. Rc4 Rd5 47. g4 Kf7 48. Kg2 Rdd1 49. gxf5 Rg1+ 50. Kh2 Rh1+ 51. Kg3 Rdg1+ 52. Kf4 Rxh4+ 53. Ke5 Rxc4 54. fxe6+ Ke7 55. Rf7+ Ke8 56. bxc4 b3 57. Rb7 Rf1 58. f4 h5 59. Rxb3 h4 60. Rb8+ Ke7 61. Rb7+ Ke8 62. Rh7 Ra1 63. Kf6 Kd8 64. e7+ Kd7 65. Rh8 Re1 66. Rd8+ Kc7 67. e8=Q Rxe8 68. Rxe8 Kb6 69. Kxg6 Ka5 70. f5 Kxa4 71. Rb8 h3 72. f6 h2 73. Rh8 Kb4 74. Rxh2 Kxc4 75. f7 Kd5 76. f8=Q c4 77. Rd2+ 1-0